When Doctor Who Meets Strictly Come Dancing... Quiz Stats

 Plays Quiz not verified by Sporcle

Score 0/15 Timer 04:00
0 Plays Today
% Correct
Matt Baker
86.2%
Mark Benton
51.7%
Harry Judd
51.7%
Ann Widdecombe
51.7%
Lynda Bellingham
48.3%
Susannah Constantine
48.3%
Bill Turnbull
48.3%
Felicity Kendal
44.8%
% Correct
Colin Salmon
37.9%
Sunetra Sarker
34.5%
Don Warrington
34.5%
Natalie Gumede
31%
Davood Ghadami
24.1%
Will Thorp
13.8%
Verona Joseph
10.3%

You're not logged in!

Compare scores with friends on all Sporcle quizzes.
OR
Log In

You Might Also Like...

Show Comments

Extras

Top Quizzes Today


Score Distribution

Your Account Isn't Verified!

In order to create a playlist on Sporcle, you need to verify the email address you used during registration. Go to your Sporcle Settings to finish the process.

Report this User

Report this user for behavior that violates our Community Guidelines.

Details: